| 000 | 00560 a2200133 4500 | ||
|---|---|---|---|
| 082 | _aBICSE-2 | ||
| 100 |
_aMaria Joseph Robert _992735 |
||
| 245 |
_aAttack Detection Using A Scalable and Distributed Network Monitor [Project BICSE2] _cMaria Joseph Robert |
||
| 260 |
_a Isalamabad, _bNUST School of Electrical Engineering & Computer Science, _c2008. |
||
| 300 |
_a69 p. _b: ill. _c; 27 cm. + _eCD-ROM |
||
| 500 | _aSupervisors : Dr. Syed Ali Khayam, Dr. Fauzan Mirza. | ||
| 856 | _uhttp://10.250.8.41:8080/xmlui/handle/123456789/10395 | ||
| 942 |
_cPR _kBICSE-2 MAR _2ddc |
||
| 999 |
_c9322 _d9322 |
||